[Event "30. Open El Corte Inglés 2009 "]
[Site "Las Palmas de Gran Canaria"]
[Date "2009.12.02"]
[Round "1.1"]
[White "Kurajica, Bojan"]
[Black "Rivas Crespo, Alejandro"]
[Result "1-0"]
[WhiteElo "2517"]
[BlackElo "1699"]
[PlyCount "27"]
[EventDate "2009.12.02"]
[EventType "swiss"]
[EventRounds "9"]
[EventCountry "ESP"]
[Source "lmi"]
[SourceDate "2009.12.02"]

1. d4 c5 2. Nf3 cxd4 3. Nxd4 e5 4. Nb5 d5 5. Qxd5 Qe7 6. b3 Na6 7. Ba3 Nf6 8.
Nd6+ Kd8 9. Nxf7+ Ke8 10. Qb5+ Qd7 11. Qxd7+ Bxd7 12. Nxe5 Bxa3 13. Nxa3 Bf5
14. f3 1-0

[Event "30. Open El Corte Inglés 2009 "]
[Site "Las Palmas de Gran Canaria"]
[Date "2009.12.02"]
[Round "1.5"]
[White "Tatai, Stefano"]
[Black "Korneev, Svyatoslav"]
[Result "1-0"]
[WhiteElo "2347"]
[BlackElo "1661"]
[PlyCount "49"]
[EventDate "2009.12.02"]
[EventType "swiss"]
[EventRounds "9"]
[EventCountry "ESP"]
[Source "lmi"]
[SourceDate "2009.12.02"]

1. e4 c6 2. d4 d5 3. e5 Bf5 4. c4 e6 5. Nc3 Nd7 6. cxd5 cxd5 7. Nf3 a6 8. Be2
Bb4 9. Bd2 Ne7 10. a3 Bxc3 11. Bxc3 O-O 12. Bb4 Re8 13. O-O Nc6 14. Bd6 Bg4 15.
b4 Bxf3 16. Bxf3 b5 17. Rc1 Rc8 18. Be2 Nb6 19. Rc3 Ne7 20. Bc5 Nc4 21. Rh3 g6
22. Qc1 Nf5 23. g4 Nxd4 24. Bxd4 Nxe5 25. Qh6 1-0

[Event "30. Open El Corte Inglés 2009 "]
[Site "Las Palmas de Gran Canaria"]
[Date "2009.12.02"]
[Round "1.9"]
[White "Gonzalez Garcia, Guillermo"]
[Black "Schlittermann, Wolfgang"]
[Result "1-0"]
[WhiteElo "2219"]
[BlackElo "1645"]
[PlyCount "85"]
[EventDate "2009.12.02"]
[EventType "swiss"]
[EventRounds "9"]
[EventCountry "ESP"]
[Source "lmi"]
[SourceDate "2009.12.02"]

1. Nf3 d5 2. c4 c6 3. e3 Bg4 4. Qb3 Bxf3 5. Qxb7 Bxg2 6. Bxg2 Nd7 7. cxd5 cxd5
8. Bxd5 Rc8 9. Nc3 Rc7 10. Qa8 Qxa8 11. Bxa8 Nb6 12. Bg2 a6 13. d4 e6 14. Bf1
Bb4 15. Bd2 Ne7 16. Bxa6 O-O 17. Ne2 Ned5 18. a3 Bxd2+ 19. Kxd2 Ra8 20. Bd3 Rb8
21. e4 Nf6 22. Rhc1 Rd7 23. f3 g6 24. Rc6 Nc8 25. b4 Ne7 26. Ra6 Ne8 27. Rc1
Kg7 28. Bc2 Nd6 29. Ba4 Rdd8 30. Rc7 Kf8 31. Ke3 Ra8 32. Rxa8 Rxa8 33. Nc3 Ne8
34. Bxe8 Kxe8 35. a4 Nc8 36. a5 Nd6 37. e5 Nf5+ 38. Ke4 Rd8 39. d5 exd5+ 40.
Nxd5 Kf8 41. a6 Re8 42. Nf6 Re6 43. a7 1-0

[Event "30. Open El Corte Inglés 2009 "]
[Site "Las Palmas de Gran Canaria"]
[Date "2009.12.02"]
[Round "1.11"]
[White "Gutierrez Olivares, Daniel"]
[Black "Perez Barreto, Adrian"]
[Result "1-0"]
[WhiteElo "2177"]
[BlackElo "1556"]
[PlyCount "83"]
[EventDate "2009.12.02"]
[EventType "swiss"]
[EventRounds "9"]
[EventCountry "ESP"]
[Source "lmi"]
[SourceDate "2009.12.02"]

1. e4 c5 2. Nf3 Nc6 3. d4 cxd4 4. Nxd4 Nf6 5. Nc3 e5 6. Ndb5 d6 7. Bg5 a6 8.
Na3 b5 9. Nd5 Be7 10. Bxf6 Bxf6 11. c3 O-O 12. Nc2 Bg5 13. a4 bxa4 14. Rxa4 a5
15. h4 Bh6 16. g4 Bf4 17. Qf3 Be6 18. Bc4 Rb8 19. b3 Bxd5 20. Bxd5 Ne7 21. Bc4
Rb7 22. Kf1 Qb6 23. h5 h6 24. Kg2 Rc8 25. Qd3 Rbc7 26. Rd1 Rc6 27. Rda1 Rc5 28.
Ne3 Bxe3 29. Qxe3 Qc7 30. Rd1 Qd7 31. Qf3 Nc6 32. Ra2 Qe7 33. Rad2 Rd8 34. Qe2
Qf6 35. Rd3 Rd7 36. Rf3 Qd8 37. Qe3 Qc7 38. g5 hxg5 39. Qxg5 Qd8 40. Qg4 a4 41.
h6 g5 42. Rf5 1-0

[Event "30. Open El Corte Inglés 2009 "]
[Site "Las Palmas de Gran Canaria"]
[Date "2009.12.03"]
[Round "2.1"]
[White "Guardia Bencomo, Tomas"]
[Black "Kurajica, Bojan"]
[Result "0-1"]
[WhiteElo "1910"]
[BlackElo "2517"]
[PlyCount "44"]
[EventDate "2009.12.02"]
[EventType "swiss"]
[EventRounds "9"]
[EventCountry "ESP"]
[Source "lmi"]
[SourceDate "2009.12.02"]

1. c4 e5 2. Nc3 Nc6 3. g3 f5 4. Bg2 Nf6 5. Nf3 e4 6. Nh4 d5 7. cxd5 Nxd5 8.
Nxe4 fxe4 9. Bxe4 Be6 10. a3 Qd7 11. Qa4 Be7 12. b4 Bf6 13. Rb1 Nb6 14. Qc2 Nd4
15. Qc5 O-O-O 16. Nf3 Rhf8 17. Qa5 Kb8 18. Ne5 Bxe5 19. Qxe5 Nxe2 20. Kxe2 Bg4+
21. Ke1 Rde8 22. Qf4 Qd3 0-1

[Event "30. Open El Corte Inglés 2009 "]
[Site "Las Palmas de Gran Canaria"]
[Date "2009.12.03"]
[Round "2.2"]
[White "Barlov, Dragan"]
[Black "Alvarado Diaz, Alejandro"]
[Result "1-0"]
[WhiteElo "2488"]
[BlackElo "1932"]
[PlyCount "69"]
[EventDate "2009.12.02"]
[EventType "swiss"]
[EventRounds "9"]
[EventCountry "ESP"]
[Source "lmi"]
[SourceDate "2009.12.02"]

1. Nf3 Nf6 2. c4 g6 3. d4 c5 4. Nc3 Bg7 5. e4 cxd4 6. Nxd4 O-O 7. Be2 Nc6 8.
Be3 d6 9. O-O Ne5 10. f3 Bd7 11. Qd2 Rc8 12. b3 h5 13. Rac1 Kh7 14. h3 a6 15.
f4 Nc6 16. Nf3 Qa5 17. c5 Qb4 18. e5 Ne8 19. Bc4 Na5 20. Ng5+ Kg8 21. Nd5 Qxd2
22. Nxe7+ Kh8 23. Bxd2 Nxc4 24. bxc4 Rxc5 25. Bb4 Rc7 26. exd6 Bd4+ 27. Kh1 Rc5
28. Bxc5 Bxc5 29. Ne4 Bxd6 30. Nxd6 Nxd6 31. Rcd1 Re8 32. Rfe1 Be6 33. Nxg6+
Kg7 34. Rxd6 Kxg6 35. Re5 1-0

[Event "30. Open El Corte Inglés 2009 "]
[Site "Las Palmas de Gran Canaria"]
[Date "2009.12.03"]
[Round "2.3"]
[White "Kleine, Peter"]
[Black "Belezky, Alexander"]
[Result "0-1"]
[WhiteElo "1901"]
[BlackElo "2455"]
[PlyCount "56"]
[EventDate "2009.12.02"]
[EventType "swiss"]
[EventRounds "9"]
[EventCountry "ESP"]
[Source "lmi"]
[SourceDate "2009.12.02"]

1. c4 Nf6 2. Nc3 e5 3. g3 Nc6 4. Bg2 Bc5 5. e3 O-O 6. a3 a6 7. b4 Ba7 8. Nge2
Re8 9. O-O d6 10. d4 exd4 11. exd4 Bg4 12. h3 Bxe2 13. Nxe2 d5 14. c5 Ne7 15.
Bg5 Ne4 16. Bf4 Ng6 17. Qd3 c6 18. Be3 Qe7 19. Rae1 Bb8 20. Nc3 f5 21. Nxe4
fxe4 22. Qe2 Qe6 23. Qh5 Bc7 24. Bg5 Qf5 25. g4 Qf8 26. Bh4 Nxh4 27. Qxh4 Qf4
28. f3 e3 0-1

[Event "30. Open El Corte Inglés 2009 "]
[Site "Las Palmas de Gran Canaria"]
[Date "2009.12.03"]
[Round "2.4"]
[White "Ortega Hermida, Daniel"]
[Black "Aalbersberg Kroon, Pedro"]
[Result "1-0"]
[WhiteElo "2390"]
[BlackElo "1906"]
[PlyCount "59"]
[EventDate "2009.12.02"]
[EventType "swiss"]
[EventRounds "9"]
[EventCountry "ESP"]
[Source "lmi"]
[SourceDate "2009.12.02"]

1. d4 Nf6 2. c4 g6 3. Nc3 Bg7 4. e4 d6 5. Nf3 O-O 6. Be2 Nc6 7. O-O e5 8. d5
Ne7 9. Ne1 Ne8 10. Nd3 f5 11. Bd2 Nf6 12. f3 f4 13. c5 g5 14. cxd6 cxd6 15. Nf2
h5 16. h3 Ng6 17. Qc2 Rf7 18. Rfc1 Bf8 19. Nb5 Ne8 20. a4 g4 21. fxg4 hxg4 22.
hxg4 Qh4 23. Ra3 f3 24. Rxf3 Nf4 25. Bxf4 exf4 26. Nd4 Qf6 27. Ne6 Bh6 28. g5
Bxg5 29. e5 dxe5 30. Ne4 1-0

[Event "30. Open El Corte Inglés 2009 "]
[Site "Las Palmas de Gran Canaria"]
[Date "2009.12.03"]
[Round "2.5"]
[White "Capote Robayna, Nathaniel"]
[Black "Tatai, Stefano"]
[Result "0-1"]
[WhiteElo "1859"]
[BlackElo "2347"]
[PlyCount "70"]
[EventDate "2009.12.02"]
[EventType "swiss"]
[EventRounds "9"]
[EventCountry "ESP"]
[Source "lmi"]
[SourceDate "2009.12.02"]

1. d4 Nf6 2. c4 e6 3. Nc3 c5 4. d5 exd5 5. cxd5 d6 6. e4 a6 7. a4 g6 8. Nf3 Bg4
9. h3 Bxf3 10. gxf3 Nbd7 11. f4 Bg7 12. Bg2 O-O 13. O-O Re8 14. Re1 c4 15. Be3
Rc8 16. Qd2 Qa5 17. f3 Nc5 18. Bxc5 Qxc5+ 19. Kh1 Nh5 20. e5 Bh6 21. Re4 Rxe5
22. Rae1 Bxf4 23. Rxf4 Rxe1+ 24. Qxe1 Nxf4 25. Ne4 Qd4 26. Qh4 Qe5 27. Nf6+ Kg7
28. Ng4 Qf5 29. Qh6+ Kg8 30. Qh4 Kg7 31. Qh6+ Kh8 32. Ne3 Qb1+ 33. Bf1 Nxd5 34.
Nxd5 Qxf1+ 35. Kh2 Qf2+ 0-1

[Event "30. Open El Corte Inglés 2009 "]
[Site "Las Palmas de Gran Canaria"]
[Date "2009.12.03"]
[Round "2.6"]
[White "Menvielle Laccourreye, Augusto"]
[Black "Ramirez Medina, Oscar"]
[Result "1-0"]
[WhiteElo "2281"]
[BlackElo "1900"]
[PlyCount "79"]
[EventDate "2009.12.02"]
[EventType "swiss"]
[EventRounds "9"]
[EventCountry "ESP"]
[Source "lmi"]
[SourceDate "2009.12.02"]

1. e4 c5 2. Nf3 d6 3. c3 Nf6 4. Bd3 Nc6 5. Bc2 Bg4 6. d3 d5 7. Nbd2 dxe4 8.
dxe4 Qc7 9. h3 Bh5 10. Qe2 e6 11. O-O Be7 12. Re1 O-O 13. e5 Nd7 14. g4 Bg6 15.
Bxg6 hxg6 16. Nf1 g5 17. Ng3 g6 18. Ne4 Ndxe5 19. Nfxg5 Nd7 20. Be3 b6 21. f4
Rae8 22. Qf2 Kg7 23. f5 Nde5 24. f6+ Bxf6 25. Qxf6+ Kg8 26. Rf1 Nd7 27. Qf4 e5
28. Qg3 f6 29. Nf3 Kg7 30. Rad1 Re6 31. Rd2 Na5 32. Rfd1 Nb8 33. b3 Qc6 34. Rd5
Na6 35. Qh4 g5 36. Rd7+ Rf7 37. Rxf7+ Kxf7 38. Nfxg5+ fxg5 39. Qh7+ Kf8 40.
Nxg5 1-0

[Event "30. Open El Corte Inglés 2009 "]
[Site "Las Palmas de Gran Canaria"]
[Date "2009.12.03"]
[Round "2.7"]
[White "Morales Camacho, Julian"]
[Black "Cruz Pino, Adrian"]
[Result "1-0"]
[WhiteElo "2234"]
[BlackElo "1854"]
[PlyCount "81"]
[EventDate "2009.12.02"]
[EventType "swiss"]
[EventRounds "9"]
[EventCountry "ESP"]
[Source "lmi"]
[SourceDate "2009.12.02"]

1. Nf3 Nf6 2. d4 g6 3. c4 Bg7 4. Nc3 d6 5. Bg5 h6 6. Bh4 g5 7. Bg3 Nh5 8. e3
Nxg3 9. hxg3 Bf5 10. Bd3 Bxd3 11. Qxd3 c6 12. O-O-O Nd7 13. Kb1 Qc7 14. Rc1 Qb6
15. c5 Qd8 16. cxd6 exd6 17. Nd2 Nf6 18. f3 Qd7 19. g4 O-O-O 20. Nce4 Nd5 21.
Ng3 Qe6 22. Nf5 Bf8 23. a3 Kb8 24. e4 Nf4 25. Qf1 d5 26. g3 Ng6 27. Qe2 Ne7 28.
Nb3 dxe4 29. Nc5 Qg6 30. fxe4 Nxf5 31. gxf5 Qf6 32. Nb3 Bd6 33. g4 Bf4 34. Rc3
Qd6 35. Qc4 f6 36. Rd3 Rde8 37. Nc5 Rc8 38. Qf7 Rc7 39. Qg6 Rch7 40. Ne6 Qe7
41. Rdh3 1-0

[Event "30. Open El Corte Inglés 2009 "]
[Site "Las Palmas de Gran Canaria"]
[Date "2009.12.03"]
[Round "2.8"]
[White "Aguilera Suarez, Antonio"]
[Black "Gonzalez Garcia, Guillermo"]
[Result "1/2-1/2"]
[WhiteElo "1832"]
[BlackElo "2219"]
[PlyCount "110"]
[EventDate "2009.12.02"]
[EventType "swiss"]
[EventRounds "9"]
[EventCountry "ESP"]
[Source "lmi"]
[SourceDate "2009.12.02"]

1. e4 c5 2. Nf3 d6 3. Bb5+ Nd7 4. d4 cxd4 5. Qxd4 e5 6. Qa4 h6 7. Be3 a6 8.
Nbd2 Rb8 9. Bd3 Ngf6 10. h3 Be7 11. c4 O-O 12. Qc2 b5 13. b3 bxc4 14. Nxc4 d5
15. exd5 Nxd5 16. O-O Nxe3 17. Nxe3 Bc5 18. Nc4 Bb7 19. Rad1 Bxf3 20. gxf3 Qg5+
21. Kh1 Bd4 22. Rg1 Qf4 23. Rg3 Nf6 24. Qd2 Nh5 25. Qxf4 Nxf4 26. Ne3 Kh8 27.
Rd2 Nxd3 28. Rxd3 f5 29. Rg6 Rbd8 30. Rxa6 f4 31. Nc4 Bxf2 32. Nxe5 Rxd3 33.
Nxd3 Bg3 34. Rd6 Re8 35. a4 Re3 36. a5 Rxf3 37. a6 Rf1+ 38. Kg2 Ra1 39. b4 h5
40. h4 Bxh4 41. Nxf4 Ra2+ 42. Kh3 Bf2 43. Nxh5 Rb2 44. Rd8+ Kh7 45. Rb8 Ra2 46.
b5 Kh6 47. Nf4 g5 48. Nd3 Ra3 49. Kg2 Ba7 50. Rb7 Be3 51. Ne5 Bc5 52. Nc6 Ra2+
53. Kf3 Kh5 54. a7 g4+ 55. Ke4 g3 1/2-1/2

[Event "30. Open El Corte Inglés 2009 "]
[Site "Las Palmas de Gran Canaria"]
[Date "2009.12.03"]
[Round "2.9"]
[White "Angel Acosta, Juan Carlos"]
[Black "Martinez Molina, Jose Juan"]
[Result "1-0"]
[WhiteElo "2197"]
[BlackElo "1842"]
[PlyCount "59"]
[EventDate "2009.12.02"]
[EventType "swiss"]
[EventRounds "9"]
[EventCountry "ESP"]
[Source "lmi"]
[SourceDate "2009.12.02"]

1. d4 Nf6 2. Nf3 d5 3. c4 g6 4. cxd5 Nxd5 5. e4 Nf6 6. Nc3 Bg7 7. Bb5+ c6 8.
Be2 O-O 9. h3 Qb6 10. O-O Nbd7 11. Qc2 a6 12. Be3 Qa5 13. a3 Re8 14. b4 Qd8 15.
Rfd1 b6 16. Rac1 Bb7 17. Qb3 Qb8 18. Ng5 e6 19. e5 Nd5 20. Nge4 Nxe3 21. fxe3
Nxe5 22. dxe5 Bxe5 23. Bf3 Rd8 24. Ne2 a5 25. bxa5 Rxa5 26. Qxb6 Bc7 27. Qb2
Rxd1+ 28. Rxd1 e5 29. Rd7 Qc8 30. Qb3 1-0

[Event "30. Open El Corte Inglés 2009 "]
[Site "Las Palmas de Gran Canaria"]
[Date "2009.12.03"]
[Round "2.10"]
[White "Garcia Rodriguez, Sara"]
[Black "Gutierrez Olivares, Daniel"]
[Result "0-1"]
[WhiteElo "1816"]
[BlackElo "2177"]
[PlyCount "130"]
[EventDate "2009.12.02"]
[EventType "swiss"]
[EventRounds "9"]
[EventCountry "ESP"]
[Source "lmi"]
[SourceDate "2009.12.02"]

1. d4 Nf6 2. c4 e6 3. Nc3 Bb4 4. f3 c5 5. d5 e5 6. Nh3 Bxc3+ 7. bxc3 d6 8. Nf2
a5 9. e3 Nbd7 10. Bd3 Nb6 11. O-O Qe7 12. e4 Nh5 13. Rb1 Ra6 14. Ng4 g5 15. Bc2
Bd7 16. Ne3 Ng7 17. Re1 Kd8 18. Nf5 Nxf5 19. exf5 Qf6 20. Qd3 Kc7 21. Qe4 h5
22. Bd3 Nc8 23. Re2 Ne7 24. Reb2 b6 25. g4 hxg4 26. fxg4 Qh6 27. Bf1 Ba4 28.
Qf3 f6 29. Be3 Nc8 30. Qf2 Qf8 31. Bd3 Rh4 32. Qf3 Qh8 33. Bf1 Ra7 34. Qg2 Rb7
35. Bf2 Rh6 36. Bg3 Kb8 37. Qe2 Ka7 38. Qd2 Qe8 39. Bd3 Bd7 40. Qe2 Qd8 41. Be4
Rh8 42. a3 Ne7 43. Bd3 Ng8 44. Qf2 Nh6 45. Be2 Nf7 46. Qe3 Qc7 47. Bd3 Nd8 48.
Qe2 Rb8 49. Qf1 Qc8 50. Qe2 Qa6 51. Qf1 a4 52. Qe1 Nb7 53. h4 gxh4 54. Bxh4 Rh6
55. g5 fxg5 56. Bxg5 Rh5 57. Rg2 Rbh8 58. Kf2 Rh3 59. Qe2 Bxf5 60. Bxf5 Rf8 61.
Qe4 Rxc3 62. Rg3 Rxc4 63. Qd3 e4 64. Qe2 Rxf5+ 65. Kg2 Rd4 0-1

[Event "30. Open El Corte Inglés 2009 "]
[Site "Las Palmas de Gran Canaria"]
[Date "2009.12.02"]
[Round "1.2"]
[White "Santana Montjoy, Javier"]
[Black "Barlov, Dragan"]
[Result "0-1"]
[WhiteElo "1693"]
[BlackElo "2488"]
[PlyCount "54"]
[EventDate "2009.12.02"]
[EventType "swiss"]
[EventRounds "9"]
[EventCountry "ESP"]
[Source "lmi"]
[SourceDate "2009.12.02"]

1. d4 Nf6 2. c4 e6 3. Nc3 Bb4 4. Qc2 c5 5. Nf3 d5 6. Bg5 cxd4 7. Nxd4 Qb6 8.
Bxf6 gxf6 9. e3 Nc6 10. O-O-O Bxc3 11. Qxc3 Nb4 12. Kb1 e5 13. Nb5 Bf5+ 14. Bd3
Nxd3 15. Rxd3 dxc4 16. Qxc4 Bxd3+ 17. Qxd3 Rd8 18. Qe2 O-O 19. Rc1 f5 20. g4
fxg4 21. Rc4 h5 22. h3 Qg6+ 23. Kc1 Rc8 24. Nc7 gxh3 25. b3 h2 26. Rh4 Rxc7+
27. Kb2 Rfc8 0-1

[Event "30. Open El Corte Inglés 2009 "]
[Site "Las Palmas de Gran Canaria"]
[Date "2009.12.02"]
[Round "1.3"]
[White "Belezky, Alexander"]
[Black "Peinado Santana, Victor"]
[Result "1-0"]
[WhiteElo "2455"]
[BlackElo "1676"]
[PlyCount "39"]
[EventDate "2009.12.02"]
[EventType "swiss"]
[EventRounds "9"]
[EventCountry "ESP"]
[Source "lmi"]
[SourceDate "2009.12.02"]

1. e4 Nf6 2. e5 Nd5 3. Nc3 Nxc3 4. bxc3 d6 5. f4 Nc6 6. d4 e6 7. Nf3 Be7 8. Bd3
O-O 9. Qe2 d5 10. h4 h5 11. Ng5 g6 12. g4 hxg4 13. h5 Kg7 14. hxg6 Rh8 15. Rh7+
Rxh7 16. gxh7 f5 17. exf6+ Bxf6 18. Qxg4 Bxg5 19. fxg5 Ne7 20. Bf4 1-0

[Event "30. Open El Corte Inglés 2009 "]
[Site "Las Palmas de Gran Canaria"]
[Date "2009.12.02"]
[Round "1.4"]
[White "Korneev, Svyatoslav"]
[Black "Ortega Hermida, Daniel"]
[Result "0-1"]
[WhiteElo "1661"]
[BlackElo "2390"]
[PlyCount "56"]
[EventDate "2009.12.02"]
[EventType "swiss"]
[EventRounds "9"]
[EventCountry "ESP"]
[Source "lmi"]
[SourceDate "2009.12.02"]

1. c4 Nf6 2. Nc3 e6 3. g3 d5 4. cxd5 exd5 5. Nf3 Be7 6. Bg2 O-O 7. d3 h6 8. O-O
c5 9. e4 d4 10. Ne2 Nc6 11. b3 Ne8 12. a4 Nc7 13. Bf4 Nb4 14. Qd2 Ne6 15. Be5
f6 16. Bxd4 cxd4 17. Rfc1 a5 18. Rc4 Nc6 19. Rac1 Ne5 20. Nxe5 fxe5 21. Bh3 Bd7
22. f4 exf4 23. gxf4 Bb4 24. Bxe6+ Bxe6 25. Rxb4 axb4 26. Qxb4 Bg4 27. Nxd4
Rxf4 28. Rc2 Bh3 0-1

[Event "30. Open El Corte Inglés 2009 "]
[Site "Las Palmas de Gran Canaria"]
[Date "2009.12.02"]
[Round "1.6"]
[White "Sanchez Montesdeoca, Isaac"]
[Black "Menvielle Laccourreye, Augusto"]
[Result "0-1"]
[WhiteElo "1654"]
[BlackElo "2281"]
[PlyCount "78"]
[EventDate "2009.12.02"]
[EventType "swiss"]
[EventRounds "9"]
[EventCountry "ESP"]
[Source "lmi"]
[SourceDate "2009.12.02"]

1. e4 e5 2. Nf3 Nc6 3. d4 exd4 4. Nxd4 Qh4 5. Nc3 Bb4 6. Qd3 Nf6 7. Nxc6 dxc6
8. Bd2 O-O 9. g3 Qh5 10. Be2 Qa5 11. O-O-O Be6 12. f3 Rad8 13. Qe3 Bxa2 14. Bd3
Be6 15. Nb1 Bxd2+ 16. Rxd2 c5 17. Rhd1 Qa1 18. c3 Qa5 19. h4 c4 20. Bc2 Rxd2
21. Rxd2 Qb6 22. Qe1 Nd7 23. Na3 Nc5 24. Kb1 Re8 25. Qd1 c6 26. f4 f6 27. e5
Nd3 28. Nxc4 Bxc4 29. Bxd3 Bxd3+ 30. Rxd3 fxe5 31. Rd7 exf4 32. Qh5 Rf8 33. Qg5
Qg1+ 34. Ka2 Qxg3 35. Qe5 Qg6 36. h5 Qf6 37. Qc7 f3 38. Ka3 f2 39. Rd6 Qxd6+
0-1

[Event "30. Open El Corte Inglés 2009 "]
[Site "Las Palmas de Gran Canaria"]
[Date "2009.12.02"]
[Round "1.8"]
[White "Roque Hernandez, Francisco"]
[Black "Morales Camacho, Julian"]
[Result "0-1"]
[WhiteElo "1649"]
[BlackElo "2234"]
[PlyCount "60"]
[EventDate "2009.12.02"]
[EventType "swiss"]
[EventRounds "9"]
[EventCountry "ESP"]
[Source "lmi"]
[SourceDate "2009.12.02"]

1. e4 c5 2. Nf3 e6 3. d4 cxd4 4. Nxd4 a6 5. Nc3 Qc7 6. Bd3 Bd6 7. g3 Nc6 8.
Nxc6 dxc6 9. Be3 e5 10. a3 Nf6 11. h3 b5 12. b4 O-O 13. g4 a5 14. Rb1 axb4 15.
axb4 Qe7 16. g5 Ne8 17. Ne2 Bxb4+ 18. c3 Bc5 19. Bd2 f5 20. f3 Nd6 21. Ng3 f4
22. Ne2 Qxg5 23. h4 Qg2 24. Rf1 Bh3 25. Nd4 exd4 26. Qb3+ Kh8 27. Rf2 Qg3 28.
Ke2 dxc3 29. Be1 Ra3 30. Rg2 Qxg2+ 0-1

[Event "30. Open El Corte Inglés 2009 "]
[Site "Las Palmas de Gran Canaria"]
[Date "2009.12.02"]
[Round "1.10"]
[White "Rodriguez Manzaneda, Irene"]
[Black "Angel Acosta, Juan Carlos"]
[Result "0-1"]
[WhiteElo "1642"]
[BlackElo "2197"]
[PlyCount "68"]
[EventDate "2009.12.02"]
[EventType "swiss"]
[EventRounds "9"]
[EventCountry "ESP"]
[Source "lmi"]
[SourceDate "2009.12.02"]

1. e4 c5 2. d3 Nc6 3. g3 g6 4. Bg2 Bg7 5. f4 e5 6. Nf3 exf4 7. gxf4 d6 8. O-O
Nf6 9. Nc3 O-O 10. Be3 Ng4 11. Bd2 Nd4 12. Nd5 Nxf3+ 13. Qxf3 Bxb2 14. Rab1 Bg7
15. Bh3 f5 16. exf5 gxf5 17. Rfe1 Kh8 18. Re2 Rb8 19. Rbe1 Bd7 20. Re7 Bd4+ 21.
Kg2 Bc6 22. Bxg4 Rg8 23. h3 Rg6 24. Kh2 fxg4 25. hxg4 Qg8 26. g5 Qxd5 27. Qg4
Rf8 28. Qh3 Rg7 29. Rxg7 Bxg7 30. Rg1 Qf5 31. Qe3 Re8 32. Qf2 Bd4 33. Qf1 Bxg1+
34. Qxg1 Re7 0-1

[Event "30. Open El Corte Inglés 2009 "]
[Site "Las Palmas de Gran Canaria"]
[Date "2009.12.04"]
[Round "3.1"]
[White "Kurajica, Bojan"]
[Black "Trujillo Alvarado, Ivan"]
[Result "1-0"]
[WhiteElo "2517"]
[BlackElo "2149"]
[PlyCount "101"]
[EventDate "2009.12.02"]
[EventType "swiss"]
[EventRounds "9"]
[EventCountry "ESP"]
[Source "lmi"]
[SourceDate "2009.12.02"]

1. d4 Nf6 2. Nf3 d5 3. c4 c6 4. Qc2 e6 5. Nbd2 Be7 6. e3 Nbd7 7. Bd3 O-O 8. O-O
Re8 9. b3 Nf8 10. Ne5 N6d7 11. f4 f6 12. Nef3 Bd6 13. Bb2 Qe7 14. Kh1 Ba3 15.
Bxa3 Qxa3 16. e4 dxe4 17. Nxe4 f5 18. Nc3 Qd6 19. Rae1 Nf6 20. Ne2 Bd7 21. Ne5
Rad8 22. Rd1 Bc8 23. Nc3 Qc7 24. Be2 N6d7 25. Bh5 Re7 26. Rd3 Nxe5 27. fxe5 a6
28. c5 Bd7 29. Na4 Be8 30. Bxe8 Rdxe8 31. Nb6 g5 32. Nc4 Ng6 33. Nd6 Rf8 34. g4
f4 35. Rh3 Kg7 36. b4 h6 37. Qe4 Rd7 38. a4 Qd8 39. Rb3 Ne7 40. h4 gxh4 41.
Rxf4 Rxf4 42. Qxf4 Ng6 43. Qf1 Qg5 44. Rf3 Qd2 45. Ne8+ Kh8 46. g5 Qxg5 47.
Rf8+ Nxf8 48. Qxf8+ Kh7 49. Nf6+ Kg6 50. Nxd7 Qc1+ 51. Kg2 $2 1-0

[Event "30. Open El Corte Inglés 2009 "]
[Site "Las Palmas de Gran Canaria"]
[Date "2009.12.04"]
[Round "3.2"]
[White "Torres Ventosa, Pedro Eugenio"]
[Black "Barlov, Dragan"]
[Result "0-1"]
[WhiteElo "2113"]
[BlackElo "2488"]
[PlyCount "76"]
[EventDate "2009.12.02"]
[EventType "swiss"]
[EventRounds "9"]
[EventCountry "ESP"]
[Source "lmi"]
[SourceDate "2009.12.02"]

1. e4 c5 2. Nf3 a6 3. c3 d5 4. exd5 Qxd5 5. d4 Nf6 6. Be2 e6 7. O-O Nbd7 8. Re1
Qd6 9. Nbd2 Qc7 10. Nc4 Be7 11. Bg5 O-O 12. Bh4 b5 13. Bg3 Qa7 14. Bd6 Bxd6 15.
Nxd6 Qc7 16. Nxc8 Rfxc8 17. a4 c4 18. Ne5 Nxe5 19. dxe5 Rd8 20. Qc1 Nd7 21. Bf3
Rab8 22. Qg5 h6 23. Qh5 Nc5 24. axb5 Rxb5 25. Qh4 Nd3 26. Red1 a5 27. Ra4 Rc8
28. Ra2 Rxb2 29. Rxb2 Nxb2 30. Rd6 Nd3 31. Qd4 a4 32. h4 a3 33. Rc6 Qb8 34. Ra6
a2 35. Kh2 Nxe5 36. Kh3 Nxf3 37. gxf3 Qa8 38. Rxa8 Rxa8 0-1

[Event "30. Open El Corte Inglés 2009 "]
[Site "Las Palmas de Gran Canaria"]
[Date "2009.12.04"]
[Round "3.3"]
[White "Belezky, Alexander"]
[Black "Hallerod, Ralph"]
[Result "1-0"]
[WhiteElo "2455"]
[BlackElo "2102"]
[PlyCount "115"]
[EventDate "2009.12.02"]
[EventType "swiss"]
[EventRounds "9"]
[EventCountry "ESP"]
[Source "lmi"]
[SourceDate "2009.12.02"]

1. Nf3 Nf6 2. g3 g6 3. b4 Bg7 4. Bb2 O-O 5. c4 d6 6. d3 a5 7. a3 b6 8. Nbd2
Nbd7 9. Bg2 Bb7 10. O-O axb4 11. axb4 Rxa1 12. Bxa1 e5 13. Qc2 Qe7 14. e4 Ra8
15. Bc3 Qe8 16. Qb2 Ra4 17. Ra1 Qa8 18. Rxa4 Qxa4 19. Qa1 Qxa1+ 20. Bxa1 c5 21.
b5 Bh6 22. Nb1 Kf8 23. Bh3 Ke7 24. Bb2 Ne8 25. Nh4 Bg5 26. Ng2 f6 27. f4 Bh6
28. Nc3 Nc7 29. Bxd7 Kxd7 30. Na4 Na8 31. Bc1 Ke8 32. Kf2 Kf7 33. g4 Bc8 34.
Kg3 Bg7 35. h4 h6 36. Ne3 exf4+ 37. Kxf4 Be6 38. h5 g5+ 39. Kf3 Bf8 40. Bb2 Be7
41. Bc3 Ke8 42. Be1 Kf7 43. Bg3 Ke8 44. Nd5 Bxd5 45. exd5 Kf7 46. Ke4 Ke8 47.
Kf5 Kf7 48. Bh2 Bf8 49. Bg1 Be7 50. Bf2 Bd8 51. d4 Bc7 52. Nc3 Bd8 53. Ne4 Be7
54. dxc5 bxc5 55. Bg3 Nb6 56. Nxd6+ Bxd6 57. Bxd6 Nd7 58. Bc7 1-0

[Event "30. Open El Corte Inglés 2009 "]
[Site "Las Palmas de Gran Canaria"]
[Date "2009.12.04"]
[Round "3.4"]
[White "Gonzalez Intelangelo, Gerardo"]
[Black "Ortega Hermida, Daniel"]
[Result "0-1"]
[WhiteElo "2094"]
[BlackElo "2390"]
[PlyCount "73"]
[EventDate "2009.12.02"]
[EventType "swiss"]
[EventRounds "9"]
[EventCountry "ESP"]
[Source "lmi"]
[SourceDate "2009.12.02"]

1. c4 Nf6 2. Nc3 e6 3. e4 c5 4. e5 Ng8 5. Nf3 d6 6. exd6 Bxd6 7. d4 cxd4 8.
Nxd4 a6 9. Be2 Nf6 10. Be3 O-O 11. Qc2 Qc7 12. h3 Nbd7 13. O-O Ne5 14. b3 Ng6
15. Rfd1 Bh2+ 16. Kh1 Bf4 17. Bxf4 Qxf4 18. Bf1 e5 19. g3 Qh6 20. Nf5 Qh5 21.
Ne3 Bxh3 22. Bxh3 Qxh3+ 23. Kg1 Ne7 24. Rd6 h5 25. Ne4 Ng4 26. Nf1 f6 27. Rad1
Nf5 28. Rd7 h4 29. R1d3 Rae8 30. Nd6 Nxd6 31. R3xd6 hxg3 32. fxg3 Qxf1+ 33.
Kxf1 Ne3+ 34. Ke2 Nxc2 35. Rxb7 Rf7 36. Rxf7 Kxf7 37. Rxa6 0-1